000 00220nam a22001097a 4500
003 OSt
008 241204b |||||||| |||| 00| 0 eng d
041 _aeng
100 _aCherukad
_94888
245 _aMarumakal
942 _cBK
999 _c18255
_d18255